[Event "Girls U14 Polish Youth Championship"]
[Site "chess24.com"]
[Date "2018.05.04"]
[Round "8"]
[White "Slusarczyk, Milena"]
[Black "Sokol, Maria"]
[Result "1-0"]
[Board "15"]
[WhiteElo "1449"]
[WhiteCountry "POL"]
[WhiteFideId "21820198"]
[WhiteEloChange "9"]
[BlackElo "1401"]
[BlackCountry "POL"]
[BlackFideId "21823383"]
[BlackEloChange "-9"]

1. e4 {[%clk 1:30:30]} c5 {[%clk 1:30:44]} 2. Nf3 {[%clk 1:30:49]} e6 {[%clk
1:30:53]} 3. Nc3 {[%clk 1:30:35]} a6 {[%clk 1:30:52]} 4. d4 {[%clk 1:30:39]} cxd4
{[%clk 1:30:51]} 5. Nxd4 {[%clk 1:30:59]} Qc7 {[%clk 1:30:39]} 6. Bd3 {[%clk
1:29:30]} Nf6 {[%clk 1:28:55]} 7. O-O {[%clk 1:28:33]} Be7 {[%clk 1:25:54]} 8.
Kh1 {[%clk 1:26:49]} b5 {[%clk 1:22:57]} 9. f4 {[%clk 1:24:27]} d6 {[%clk
1:22:56]} 10. a3 {[%clk 1:22:15]} Bb7 {[%clk 1:22:29]} 11. Qe1 {[%clk 1:20:24]}
Nbd7 {[%clk 1:17:59]} 12. Qg3 {[%clk 1:17:04]} g6 {[%clk 1:08:56]} 13. f5 {[%clk
1:07:00]} e5 {[%clk 1:06:59]} 14. Nde2 {[%clk 1:04:26]} gxf5 {[%clk 1:03:33]} 15.
Rxf5 {[%clk 1:01:37]} Rg8 {[%clk 1:01:35]} 16. Qf2 {[%clk 0:58:16]} Rg6 {[%clk
0:53:26]} 17. Ng3 {[%clk 0:53:54]} Nc5 {[%clk 0:52:11]} 18. Bd2 {[%clk 0:47:14]}
Bc8 {[%clk 0:49:53]} 19. Rxf6 {[%clk 0:40:21]} Nxd3 {[%clk 0:39:52]} 20. cxd3
{[%clk 0:38:28]} Rxf6 {[%clk 0:39:24]} 21. Nd5 {[%clk 0:35:30]} Rxf2 {[%clk
0:38:23]} 22. Nxc7+ {[%clk 0:35:44]} Kd8 {[%clk 0:38:21]} 23. Ba5 {[%clk
0:34:49]} Bb7 {[%clk 0:32:12]} 24. Nxa8+ {[%clk 0:34:26]} Ke8 {[%clk 0:32:26]}
25. Nc7+ {[%clk 0:34:24]} Kd7 {[%clk 0:32:40]} 26. Nd5 {[%clk 0:31:38]} Bxd5
{[%clk 0:32:54]} 27. exd5 {[%clk 0:31:47]} Rxb2 {[%clk 0:32:46]} 28. Bb4 {[%clk
0:29:58]} Rb3 {[%clk 0:33:11]} 29. Rd1 {[%clk 0:29:50]} Bd8 {[%clk 0:33:19]} 30.
Ne4 {[%clk 0:27:32]} Bc7 {[%clk 0:32:45]} 31. Nf6+ {[%clk 0:19:33]} Kd8 {[%clk
0:32:59]} 32. Nxh7 {[%clk 0:18:43]} a5 {[%clk 0:33:02]} 33. Be1 {[%clk 0:17:00]}
Rxa3 {[%clk 0:32:20]} 34. h4 {[%clk 0:13:59]} Ke8 {[%clk 0:31:19]} 35. g4 {[%clk
0:12:08]} Bd8 {[%clk 0:31:01]} 36. g5 {[%clk 0:11:34]} Rb3 {[%clk 0:30:31]} 37.
Nf6+ {[%clk 0:09:11]} Kf8 {[%clk 0:28:39]} 38. Ne4 {[%clk 0:08:30]} Ke7 {[%clk
0:28:47]} 39. h5 {[%clk 0:07:50]} f5 {[%clk 0:27:28]} 40. gxf6+ {[%clk 0:07:37]}
Kf8 {[%clk 0:27:20]} 41. Nxd6 {[%clk 0:07:07]} Bxf6 {[%clk 0:27:23]} 42. Bxa5
{[%clk 0:07:15]} Be7 {[%clk 0:26:38]} 43. Ne4 {[%clk 0:07:07]} Ra3 {[%clk
0:26:30]} 44. Bc3 {[%clk 0:06:32]} Kg7 {[%clk 0:26:01]} 45. Bxe5+ {[%clk
0:06:40]} Kh6 {[%clk 0:26:25]} 46. d6 {[%clk 0:06:09]} Bd8 {[%clk 0:26:33]} 47.
Bf6 {[%clk 0:06:11]} Bb6 {[%clk 0:25:49]} 48. d7 {[%clk 0:06:02]} Kxh5 {[%clk
0:26:14]} 49. d8Q {[%clk 0:05:44]} Bxd8 {[%clk 0:26:38]} 50. Bxd8 {[%clk
0:06:08]} Kg4 {[%clk 0:26:41]} 51. Kg2 {[%clk 0:05:17]} Kf4 {[%clk 0:26:17]} 52.
Kf2 {[%clk 0:04:53]} Ra2+ {[%clk 0:26:25]} 53. Rd2 {[%clk 0:04:56]} Ra8 {[%clk
0:26:50]} 54. Bc7+ {[%clk 0:04:47]} Kf5 {[%clk 0:27:09]} 55. Rb2 {[%clk 0:04:37]}
Ke6 {[%clk 0:27:10]} 56. Rxb5 {[%clk 0:04:55]} Ra2+ {[%clk 0:27:24]} 57. Ke3
{[%clk 0:05:19]} Kd7 {[%clk 0:27:43]} 58. Bg3 {[%clk 0:05:32]} Kc6 {[%clk
0:28:02]} 59. Rb1 {[%clk 0:05:46]} Ra8 {[%clk 0:27:13]} 60. Rc1+ {[%clk 0:06:04]}
Kd7 {[%clk 0:27:15]} 61. d4 {[%clk 0:06:29]} Ke6 {[%clk 0:27:23]} 62. Rc6+ {[%clk
0:06:20]} Kd7 {[%clk 0:27:11]} 63. d5 {[%clk 0:06:32]} Ra3+ {[%clk 0:27:30]} 64.
Rc3 {[%clk 0:06:51]} Ra6 {[%clk 0:27:21]} 65. d6 {[%clk 0:07:10]} Kd8 {[%clk
0:27:35]} 66. Rd3 {[%clk 0:07:19]} Ra7 {[%clk 0:27:54]} 67. Nc5 {[%clk 0:07:27]}
Rg7 {[%clk 0:28:12]} 68. Ne6+ {[%clk 0:07:46]} 1-0

[Event "Girls U14 Polish Youth Championship"]
[Site "chess24.com"]
[Date "2018.05.04"]
[Round "8"]
[White "Siekanska, Zuzanna"]
[Black "Matyjasek, Michalina"]
[Result "1-0"]
[Board "16"]
[WhiteElo "1434"]
[WhiteCountry "POL"]
[WhiteFideId "21852537"]
[WhiteEloChange "8"]
[BlackElo "1361"]
[BlackCountry "POL"]
[BlackFideId "21816743"]
[BlackEloChange "-8"]

1. d4 {[%clk 1:30:55]} d5 {[%clk 1:30:56]} 2. c4 {[%clk 1:31:21]} Nc6 {[%clk
1:31:13]} 3. e3 {[%clk 1:29:40]} dxc4 {[%clk 1:29:14]} 4. Bxc4 {[%clk 1:29:38]}
e5 {[%clk 1:28:24]} 5. Ne2 {[%clk 1:27:51]} Nf6 {[%clk 1:21:07]} 6. O-O {[%clk
1:26:31]} Bd6 {[%clk 1:20:20]} 7. a3 {[%clk 1:25:06]} O-O {[%clk 1:12:44]} 8. b4
{[%clk 1:24:01]} a5 {[%clk 1:10:25]} 9. b5 {[%clk 1:22:08]} Ne7 {[%clk 1:09:31]}
10. Bb2 {[%clk 1:20:00]} Ng6 {[%clk 1:08:01]} 11. Nbc3 {[%clk 1:13:53]} Bg4
{[%clk 1:04:09]} 12. f3 {[%clk 1:11:19]} Bd7 {[%clk 1:03:07]} 13. a4 {[%clk
1:06:52]} Qe7 {[%clk 0:54:42]} 14. e4 {[%clk 1:01:18]} Rfd8 {[%clk 0:42:32]} 15.
Kh1 {[%clk 0:58:20]} exd4 {[%clk 0:40:05]} 16. Nxd4 {[%clk 0:54:44]} Qe5 {[%clk
0:39:01]} 17. g3 {[%clk 0:52:35]} Qc5 {[%clk 0:18:40]} 18. Bb3 {[%clk 0:43:37]}
h5 {[%clk 0:17:22]} 19. Nce2 {[%clk 0:38:24]} Bh3 {[%clk 0:13:53]} 20. Rf2 {[%clk
0:30:12]} Qe5 {[%clk 0:11:34]} 21. Qc2 {[%clk 0:27:58]} Qe7 {[%clk 0:08:13]} 22.
Ng1 {[%clk 0:24:23]} Bc8 {[%clk 0:07:05]} 23. Nge2 {[%clk 0:22:42]} Bh3 {[%clk
0:06:52]} 24. Ng1 {[%clk 0:20:39]} Bc8 {[%clk 0:07:16]} 25. Re2 {[%clk 0:20:38]}
Bc5 {[%clk 0:06:25]} 26. Nf5 {[%clk 0:20:13]} Qf8 {[%clk 0:05:47]} 27. Bxf6
{[%clk 0:18:37]} gxf6 {[%clk 0:05:36]} 28. Nh6+ {[%clk 0:17:31]} Qxh6 {[%clk
0:03:28]} 29. Qxc5 {[%clk 0:17:54]} Rd7 {[%clk 0:02:04]} 30. Rd1 {[%clk 0:15:36]}
Rxd1 {[%clk 0:01:19]} 31. Bxd1 {[%clk 0:15:53]} Nf8 {[%clk 0:00:47]} 32. Qxc7
{[%clk 0:15:55]} Ne6 {[%clk 0:00:50]} 33. Qd6 {[%clk 0:14:20]} 1-0

[Event "Girls U14 Polish Youth Championship"]
[Site "chess24.com"]
[Date "2018.05.04"]
[Round "8"]
[White "Nowak, Roksana"]
[Black "Szczypawka, Aleksandra"]
[Result "1/2-1/2"]
[Board "17"]
[WhiteElo "1352"]
[WhiteCountry "POL"]
[WhiteFideId "21847991"]
[WhiteEloChange "4"]
[BlackElo "1483"]
[BlackCountry "POL"]
[BlackFideId "21816794"]
[BlackEloChange "-4"]

1. f4 {[%clk 1:30:58]} d5 {[%clk 1:30:50]} 2. Nf3 {[%clk 1:31:23]} c5 {[%clk
1:30:48]} 3. e3 {[%clk 1:31:47]} Nc6 {[%clk 1:25:53]} 4. Bb5 {[%clk 1:32:09]} Bd7
{[%clk 1:26:00]} 5. b3 {[%clk 1:32:27]} a6 {[%clk 1:23:50]} 6. Bxc6 {[%clk
1:32:51]} Bxc6 {[%clk 1:24:11]} 7. Bb2 {[%clk 1:33:16]} Nf6 {[%clk 1:20:17]} 8.
O-O {[%clk 1:33:28]} g6 {[%clk 1:19:40]} 9. Qe1 {[%clk 1:33:03]} Bg7 {[%clk
1:19:24]} 10. d3 {[%clk 1:33:20]} O-O {[%clk 1:16:13]} 11. Nbd2 {[%clk 1:33:39]}
b5 {[%clk 1:10:54]} 12. Ne5 {[%clk 1:31:58]} Bb7 {[%clk 1:10:24]} 13. Rb1 {[%clk
1:31:43]} Nd7 {[%clk 1:01:36]} 14. Ndf3 {[%clk 1:29:15]} f6 {[%clk 0:56:52]} 15.
Nxd7 {[%clk 1:28:59]} Qxd7 {[%clk 0:57:15]} 16. Qh4 {[%clk 1:28:48]} d4 {[%clk
0:49:22]} 17. exd4 {[%clk 1:28:16]} Bxf3 {[%clk 0:49:36]} 18. Rxf3 {[%clk
1:28:25]} f5 {[%clk 0:48:53]} 19. Kh1 {[%clk 1:26:20]} Bxd4 {[%clk 0:45:44]} 20.
Bxd4 {[%clk 1:26:08]} cxd4 {[%clk 0:46:02]} 21. Re1 {[%clk 1:26:19]} e6 {[%clk
0:45:34]} 22. Rh3 {[%clk 1:26:10]} Rae8 {[%clk 0:42:50]} 23. Kg1 {[%clk 1:23:49]}
Qe7 {[%clk 0:39:04]} 24. Qxe7 {[%clk 1:22:59]} Rxe7 {[%clk 0:39:28]} 25. Rf3
{[%clk 1:23:24]} Rc8 {[%clk 0:39:44]} 26. Rf2 {[%clk 1:23:47]} h6 {[%clk
0:37:52]} 27. Rfe2 {[%clk 1:23:42]} Kf7 {[%clk 0:38:15]} 28. Kf2 {[%clk 1:24:00]}
g5 {[%clk 0:37:46]} 29. g3 {[%clk 1:23:59]} a5 {[%clk 0:33:38]} 30. Rb1 {[%clk
1:23:21]} Rec7 {[%clk 0:31:51]} 31. Rc1 {[%clk 1:20:53]} Rc3 {[%clk 0:30:13]} 32.
Rd2 {[%clk 1:20:57]} R8c5 {[%clk 0:21:28]} 33. h3 {[%clk 1:19:18]} b4 {[%clk
0:19:20]} 34. Kf3 {[%clk 1:07:28]} a4 {[%clk 0:18:40]} 35. bxa4 {[%clk 1:05:46]}
Ra3 {[%clk 0:18:34]} 36. Rb1 {[%clk 1:04:50]} Rxa4 {[%clk 0:18:33]} 37. Re2
{[%clk 1:00:26]} Rc3 {[%clk 0:15:02]} 38. Rb3 {[%clk 0:57:18]} Rc5 {[%clk
0:13:50]} 39. Rb1 {[%clk 0:56:21]} Rc3 {[%clk 0:13:46]} 40. Rb3 {[%clk 0:56:33]}
Rc8 {[%clk 0:14:03]} 41. Rb1 {[%clk 0:56:00]} Kf6 {[%clk 0:14:17]} 42. Rb2 {[%clk
0:52:36]} Rc5 {[%clk 0:12:55]} 43. Rb1 {[%clk 0:51:29]} Ke7 {[%clk 0:11:59]} 44.
Rbe1 {[%clk 0:51:13]} Ra6 {[%clk 0:11:00]} 45. Rb1 {[%clk 0:51:01]} Ra4 {[%clk
0:11:01]} 46. Rbe1 {[%clk 0:51:18]} Ra6 {[%clk 0:11:11]} 47. Rb1 {[%clk 0:51:41]}
Ra4 {[%clk 0:11:35]} 48. Rbe1 {[%clk 0:52:05]} Ra6 {[%clk 0:11:51]} 1/2-1/2

[Event "Girls U14 Polish Youth Championship"]
[Site "chess24.com"]
[Date "2018.05.04"]
[Round "8"]
[White "Anyz, Monika"]
[Black "Mysliwiec, Natalia"]
[Result "1-0"]
[Board "18"]
[WhiteElo "1349"]
[WhiteCountry "POL"]
[WhiteFideId "21816530"]
[WhiteEloChange "11"]
[BlackElo "1391"]
[BlackCountry "POL"]
[BlackFideId "21831262"]
[BlackEloChange "-11"]

1. e4 {[%clk 1:30:56]} d5 {[%clk 1:30:58]} 2. exd5 {[%clk 1:31:17]} Qxd5 {[%clk
1:31:24]} 3. Nc3 {[%clk 1:31:16]} Qa5 {[%clk 1:31:51]} 4. d4 {[%clk 1:31:13]} Nf6
{[%clk 1:31:33]} 5. Bd2 {[%clk 1:31:03]} Qb6 {[%clk 1:26:03]} 6. Nf3 {[%clk
1:28:57]} Bg4 {[%clk 1:19:48]} 7. h3 {[%clk 1:23:54]} Bh5 {[%clk 1:19:51]} 8. Be2
{[%clk 1:16:11]} e6 {[%clk 1:03:40]} 9. O-O {[%clk 1:15:40]} c6 {[%clk 1:01:16]}
10. Bf4 {[%clk 0:58:44]} Be7 {[%clk 0:46:03]} 11. Qd2 {[%clk 0:57:28]} Bb4 {[%clk
0:45:14]} 12. Be5 {[%clk 0:55:16]} Nbd7 {[%clk 0:42:57]} 13. Qg5 {[%clk 0:52:06]}
O-O {[%clk 0:42:36]} 14. Ne4 {[%clk 0:51:03]} h6 {[%clk 0:40:12]} 15. Nxf6+
{[%clk 0:50:43]} Nxf6 {[%clk 0:40:37]} 16. Qh4 {[%clk 0:48:51]} Bxf3 {[%clk
0:39:03]} 17. Bxf6 {[%clk 0:44:12]} Bxe2 {[%clk 0:38:07]} 18. Qg3 {[%clk
0:44:30]} g6 {[%clk 0:34:28]} 19. Qe3 {[%clk 0:44:25]} Kh7 {[%clk 0:34:29]} 20.
Qxe2 {[%clk 0:44:45]} Qc7 {[%clk 0:34:00]} 21. c3 {[%clk 0:42:49]} Be7 {[%clk
0:34:19]} 22. Be5 {[%clk 0:42:17]} Bd6 {[%clk 0:34:22]} 23. Rfe1 {[%clk 0:41:32]}
Bxe5 {[%clk 0:34:11]} 24. Qxe5 {[%clk 0:41:50]} Qxe5 {[%clk 0:34:37]} 25. Rxe5
{[%clk 0:42:03]} Rfd8 {[%clk 0:34:50]} 26. Rd1 {[%clk 0:40:40]} Rd6 {[%clk
0:33:34]} 27. Rde1 {[%clk 0:40:47]} Rad8 {[%clk 0:33:33]} 28. Kf1 {[%clk
0:37:29]} Kg7 {[%clk 0:32:51]} 29. g4 {[%clk 0:37:13]} Rd5 {[%clk 0:32:11]} 30.
f4 {[%clk 0:36:59]} R8d6 {[%clk 0:27:13]} 31. h4 {[%clk 0:35:23]} Rxe5 {[%clk
0:25:46]} 32. fxe5 {[%clk 0:35:25]} Rd5 {[%clk 0:25:41]} 33. Ke2 {[%clk 0:35:26]}
c5 {[%clk 0:25:24]} 34. Kd3 {[%clk 0:35:31]} f6 {[%clk 0:19:51]} 35. Kc4 {[%clk
0:35:32]} cxd4 {[%clk 0:20:14]} 36. cxd4 {[%clk 0:35:20]} b5+ {[%clk 0:16:44]}
37. Kc3 {[%clk 0:35:30]} b4+ {[%clk 0:13:31]} 38. Kc4 {[%clk 0:34:15]} a5 {[%clk
0:12:54]} 39. b3 {[%clk 0:34:26]} h5 {[%clk 0:01:26]} 40. gxh5 {[%clk 0:29:26]}
fxe5 {[%clk 0:01:30]} 41. Rxe5 {[%clk 0:29:23]} Rxe5 {[%clk 0:01:47]} 42. dxe5
{[%clk 0:29:47]} gxh5 {[%clk 0:02:14]} 43. Kb5 {[%clk 0:29:11]} Kg6 {[%clk
0:02:11]} 44. Kxa5 {[%clk 0:29:34]} Kf5 {[%clk 0:02:36]} 45. Kxb4 {[%clk
0:29:59]} Kxe5 {[%clk 0:02:35]} 46. a4 {[%clk 0:30:22]} Kd4 {[%clk 0:01:32]} 47.
a5 {[%clk 0:30:34]} e5 {[%clk 0:02:00]} 48. a6 {[%clk 0:30:57]} e4 {[%clk
0:02:23]} 49. a7 {[%clk 0:31:23]} e3 {[%clk 0:02:51]} 50. a8Q {[%clk 0:31:15]} e2
{[%clk 0:03:20]} 51. Qe8 {[%clk 0:31:10]} Kd3 {[%clk 0:03:41]} 52. Kc5 {[%clk
0:29:52]} Kd2 {[%clk 0:01:41]} 53. b4 {[%clk 0:29:58]} e1Q {[%clk 0:02:04]} 54.
Qxe1+ {[%clk 0:30:17]} Kxe1 {[%clk 0:02:29]} 55. b5 {[%clk 0:30:44]} Kf2 {[%clk
0:02:51]} 56. b6 {[%clk 0:31:10]} Kg3 {[%clk 0:03:14]} 57. b7 {[%clk 0:31:27]}
Kxh4 {[%clk 0:03:42]} 58. b8Q {[%clk 0:31:47]} Kh3 {[%clk 0:04:10]} 59. Qg8
{[%clk 0:31:38]} h4 {[%clk 0:04:36]} 60. Kd4 {[%clk 0:32:02]} Kh2 {[%clk
0:04:42]} 61. Ke3 {[%clk 0:31:47]} h3 {[%clk 0:04:55]} 62. Kf2 {[%clk 0:32:07]}
Kh1 {[%clk 0:05:19]} 63. Qg1# {[%clk 0:32:31]} 1-0

[Event "Girls U14 Polish Youth Championship"]
[Site "chess24.com"]
[Date "2018.05.04"]
[Round "8"]
[White "Mrozek, Zofia"]
[Black "Cieslak, Jessica"]
[Result "1-0"]
[Board "19"]
[WhiteElo "1234"]
[WhiteCountry "POL"]
[WhiteFideId "21855986"]
[WhiteEloChange "13"]
[BlackElo "1357"]
[BlackCountry "POL"]
[BlackFideId "21819521"]
[BlackEloChange "-13"]

1. e4 {[%clk 1:30:55]} c5 {[%clk 1:30:54]} 2. Nf3 {[%clk 1:31:11]} e6 {[%clk
1:31:14]} 3. d4 {[%clk 1:31:11]} cxd4 {[%clk 1:31:33]} 4. Nxd4 {[%clk 1:31:31]}
Nc6 {[%clk 1:31:54]} 5. Nxc6 {[%clk 1:30:36]} bxc6 {[%clk 1:32:10]} 6. Bf4 {[%clk
1:30:23]} Nf6 {[%clk 1:29:10]} 7. Bd3 {[%clk 1:29:28]} Bc5 {[%clk 1:28:50]} 8.
O-O {[%clk 1:21:07]} Qe7 {[%clk 1:22:48]} 9. e5 {[%clk 1:18:00]} Nd5 {[%clk
1:22:45]} 10. Bg3 {[%clk 1:17:57]} Qg5 {[%clk 1:19:22]} 11. Nd2 {[%clk 1:15:08]}
Ne3 {[%clk 1:09:03]} 12. fxe3 {[%clk 1:02:36]} Bxe3+ {[%clk 1:09:13]} 13. Kh1
{[%clk 1:02:53]} Bxd2 {[%clk 1:09:12]} 14. Qf3 {[%clk 1:02:58]} O-O {[%clk
1:03:57]} 15. Rad1 {[%clk 1:00:09]} f5 {[%clk 0:53:08]} 16. exf6 {[%clk 0:51:29]}
Rxf6 {[%clk 0:53:03]} 17. Qe4 {[%clk 0:51:15]} Rh6 {[%clk 0:52:50]} 18. Rxd2
{[%clk 0:40:55]} Qxg3 {[%clk 0:53:01]} 19. Qxh7+ {[%clk 0:41:13]} Rxh7 {[%clk
0:51:58]} 20. Bxh7+ {[%clk 0:41:37]} Kxh7 {[%clk 0:52:19]} 21. hxg3 {[%clk
0:42:04]} Ba6 {[%clk 0:52:12]} 22. Rf7 {[%clk 0:41:04]} Bc8 {[%clk 0:52:17]} 23.
Rf8 {[%clk 0:41:21]} d5 {[%clk 0:49:49]} 24. Re2 {[%clk 0:41:24]} Ba6 {[%clk
0:48:22]} 25. Rxa8 {[%clk 0:39:59]} Bxe2 {[%clk 0:48:45]} 26. Rxa7 {[%clk
0:40:19]} e5 {[%clk 0:49:06]} 27. Kg1 {[%clk 0:40:19]} e4 {[%clk 0:48:38]} 28.
Kf2 {[%clk 0:38:58]} Bh5 {[%clk 0:48:47]} 29. c3 {[%clk 0:37:35]} Kh6 {[%clk
0:47:59]} 30. Rc7 {[%clk 0:37:42]} Be8 {[%clk 0:48:17]} 31. Re7 {[%clk 0:38:01]}
Bg6 {[%clk 0:48:14]} 32. Re6 {[%clk 0:37:48]} c5 {[%clk 0:48:32]} 33. Rd6 {[%clk
0:37:56]} 1-0

[Event "Girls U14 Polish Youth Championship"]
[Site "chess24.com"]
[Date "2018.05.04"]
[Round "8"]
[White "Wysocka, Edyta"]
[Black "Reszka, Zofia"]
[Result "1/2-1/2"]
[Board "20"]
[WhiteElo "1301"]
[WhiteCountry "POL"]
[WhiteFideId "21836663"]
[BlackElo "1286"]
[BlackCountry "POL"]
[BlackFideId "21813930"]

1. e4 {[%clk 1:30:58]} c5 {[%clk 1:30:51]} 2. Nf3 {[%clk 1:31:23]} a6 {[%clk
1:31:07]} 3. d4 {[%clk 1:31:47]} cxd4 {[%clk 1:31:18]} 4. Nxd4 {[%clk 1:32:14]}
Nf6 {[%clk 1:31:31]} 5. Nc3 {[%clk 1:32:37]} e5 {[%clk 1:31:21]} 6. Nb3 {[%clk
1:32:36]} Bb4 {[%clk 1:30:36]} 7. Bd3 {[%clk 1:29:51]} d5 {[%clk 1:25:46]} 8.
exd5 {[%clk 1:17:01]} Qxd5 {[%clk 1:20:11]} 9. O-O {[%clk 1:15:04]} Bxc3 {[%clk
1:16:35]} 10. bxc3 {[%clk 1:15:23]} O-O {[%clk 1:14:49]} 11. Bg5 {[%clk 1:13:07]}
Nbd7 {[%clk 1:10:14]} 12. c4 {[%clk 1:10:00]} Qc6 {[%clk 1:07:30]} 13. f3 {[%clk
1:02:42]} Re8 {[%clk 1:04:11]} 14. Nd2 {[%clk 0:56:36]} Nb6 {[%clk 1:01:22]} 15.
Qe1 {[%clk 0:45:10]} h6 {[%clk 0:56:14]} 16. Bxf6 {[%clk 0:42:38]} Qxf6 {[%clk
0:54:24]} 17. f4 {[%clk 0:40:42]} Qd6 {[%clk 0:51:18]} 18. fxe5 {[%clk 0:35:47]}
Rxe5 {[%clk 0:49:51]} 19. Qf2 {[%clk 0:35:11]} Be6 {[%clk 0:45:01]} 20. Rab1
{[%clk 0:26:30]} Nd7 {[%clk 0:37:29]} 21. Be4 {[%clk 0:24:31]} Nc5 {[%clk
0:34:19]} 22. Bxb7 {[%clk 0:23:21]} Nxb7 {[%clk 0:33:52]} 23. Rxb7 {[%clk
0:23:38]} Qa3 {[%clk 0:32:01]} 24. Qb6 {[%clk 0:20:04]} Re2 {[%clk 0:28:43]} 25.
Rd1 {[%clk 0:12:49]} Qxa2 {[%clk 0:24:48]} 26. Rb8+ {[%clk 0:12:32]} Rxb8 {[%clk
0:24:39]} 27. Qxb8+ {[%clk 0:12:59]} Kh7 {[%clk 0:24:47]} 28. Qb3 {[%clk
0:12:01]} Qxb3 {[%clk 0:21:15]} 29. cxb3 {[%clk 0:12:28]} Re3 {[%clk 0:21:04]}
30. Kf2 {[%clk 0:12:14]} Rd3 {[%clk 0:20:09]} 31. Ke2 {[%clk 0:11:48]} Rd7 {[%clk
0:19:14]} 32. Nf3 {[%clk 0:11:17]} Rxd1 {[%clk 0:16:23]} 33. Kxd1 {[%clk
0:11:17]} Bg4 {[%clk 0:16:05]} 34. c5 {[%clk 0:11:19]} Kg6 {[%clk 0:16:00]} 35.
Kd2 {[%clk 0:11:26]} Bxf3 {[%clk 0:15:39]} 36. gxf3 {[%clk 0:11:54]} Kf6 {[%clk
0:15:33]} 37. Kd3 {[%clk 0:11:52]} Ke6 {[%clk 0:15:15]} 38. Kc4 {[%clk 0:11:56]}
Kd7 {[%clk 0:15:17]} 39. Kd5 {[%clk 0:11:45]} Kc7 {[%clk 0:14:20]} 40. b4 {[%clk
0:11:54]} Kd7 {[%clk 0:13:27]} 41. f4 {[%clk 0:12:04]} Kc7 {[%clk 0:13:19]} 42.
f5 {[%clk 0:12:12]} Kd7 {[%clk 0:12:58]} 43. h4 {[%clk 0:09:22]} g6 {[%clk
0:10:48]} 44. fxg6 {[%clk 0:09:12]} fxg6 {[%clk 0:11:02]} 45. Ke5 {[%clk
0:09:18]} g5 {[%clk 0:10:43]} 46. hxg5 {[%clk 0:09:21]} hxg5 {[%clk 0:11:02]} 47.
Kf5 {[%clk 0:09:46]} Kc6 {[%clk 0:11:12]} 48. Kxg5 {[%clk 0:10:09]} a5 {[%clk
0:11:26]} 49. bxa5 {[%clk 0:10:32]} Kxc5 {[%clk 0:11:50]} 50. a6 {[%clk 0:10:57]}
Kb6 {[%clk 0:12:12]} 51. a7 {[%clk 0:11:23]} Kxa7 {[%clk 0:12:39]} 1/2-1/2

[Event "Girls U14 Polish Youth Championship"]
[Site "chess24.com"]
[Date "2018.05.04"]
[Round "8"]
[White "Kaznowska, Weronika"]
[Black "Kulpa, Karolina"]
[Result "1-0"]
[Board "21"]
[WhiteElo "1131"]
[WhiteCountry "POL"]
[WhiteFideId "21816719"]
[WhiteEloChange "14"]
[BlackElo "1288"]
[BlackCountry "POL"]
[BlackFideId "21836620"]
[BlackEloChange "-14"]

1. d4 {[%clk 1:30:58]} Nf6 {[%clk 1:30:51]} 2. c4 {[%clk 1:31:18]} c5 {[%clk
1:31:05]} 3. d5 {[%clk 1:31:41]} e5 {[%clk 1:31:15]} 4. Nc3 {[%clk 1:31:51]} d6
{[%clk 1:31:20]} 5. e4 {[%clk 1:31:43]} Be7 {[%clk 1:31:03]} 6. h3 {[%clk
1:31:41]} Nbd7 {[%clk 1:29:55]} 7. Nf3 {[%clk 1:30:45]} O-O {[%clk 1:28:29]} 8.
Bd3 {[%clk 1:30:09]} Ne8 {[%clk 1:27:23]} 9. O-O {[%clk 1:29:44]} g6 {[%clk
1:26:33]} 10. Nh2 {[%clk 1:26:20]} Ng7 {[%clk 1:22:41]} 11. f4 {[%clk 1:24:24]}
exf4 {[%clk 1:18:48]} 12. Bxf4 {[%clk 1:24:36]} Bg5 {[%clk 1:15:14]} 13. Bxd6
{[%clk 1:23:21]} Be7 {[%clk 1:11:59]} 14. Bxe7 {[%clk 1:21:42]} Qxe7 {[%clk
1:10:52]} 15. Nf3 {[%clk 1:20:44]} Ne5 {[%clk 1:03:51]} 16. Nxe5 {[%clk 1:20:27]}
Qxe5 {[%clk 1:04:10]} 17. Be2 {[%clk 1:18:03]} Bxh3 {[%clk 0:57:28]} 18. Qd3
{[%clk 1:11:43]} Bd7 {[%clk 0:54:48]} 19. Qe3 {[%clk 1:01:11]} f5 {[%clk
0:44:08]} 20. Qxc5 {[%clk 1:00:37]} fxe4 {[%clk 0:43:04]} 21. Rxf8+ {[%clk
0:59:35]} Rxf8 {[%clk 0:43:17]} 22. Qxa7 {[%clk 0:59:33]} Bh3 {[%clk 0:36:16]}
23. Qe3 {[%clk 0:56:01]} Bf5 {[%clk 0:34:32]} 24. Rd1 {[%clk 0:54:30]} Ne8 {[%clk
0:32:59]} 25. g4 {[%clk 0:51:18]} Bd7 {[%clk 0:28:07]} 26. Rf1 {[%clk 0:49:02]}
Rxf1+ {[%clk 0:26:46]} 27. Kxf1 {[%clk 0:49:08]} Qf6+ {[%clk 0:25:44]} 28. Kg2
{[%clk 0:48:53]} Qh4 {[%clk 0:23:37]} 29. Qxe4 {[%clk 0:43:48]} Nf6 {[%clk
0:22:11]} 30. Qf4 {[%clk 0:42:34]} Nxg4 {[%clk 0:19:14]} 31. Bxg4 {[%clk
0:42:50]} Qxg4+ {[%clk 0:17:40]} 32. Qxg4 {[%clk 0:43:11]} Bxg4 {[%clk 0:17:58]}
33. Ne4 {[%clk 0:43:28]} Kg7 {[%clk 0:17:25]} 34. Kg3 {[%clk 0:43:25]} h5 {[%clk
0:16:24]} 35. c5 {[%clk 0:42:55]} Bd7 {[%clk 0:15:41]} 36. Nd6 {[%clk 0:43:08]}
g5 {[%clk 0:15:10]} 37. Nxb7 {[%clk 0:41:45]} h4+ {[%clk 0:14:28]} 38. Kh2 {[%clk
0:42:07]} g4 {[%clk 0:14:18]} 39. c6 {[%clk 0:42:27]} Bc8 {[%clk 0:13:45]} 40. d6
{[%clk 0:42:37]} g3+ {[%clk 0:13:11]} 41. Kg1 {[%clk 0:42:58]} Be6 {[%clk
0:11:55]} 42. d7 {[%clk 0:42:02]} h3 {[%clk 0:11:48]} 43. d8Q {[%clk 0:42:07]}
h2+ {[%clk 0:11:30]} 44. Kg2 {[%clk 0:41:51]} Bh3+ {[%clk 0:11:17]} 45. Kh1
{[%clk 0:42:09]} 1-0

[Event "Girls U14 Polish Youth Championship"]
[Site "chess24.com"]
[Date "2018.05.04"]
[Round "8"]
[White "Bychowska, Marta"]
[Black "Retz, Agnieszka"]
[Result "1/2-1/2"]
[Board "22"]
[WhiteElo "1114"]
[WhiteCountry "POL"]
[WhiteFideId "21889643"]
[WhiteEloChange "2"]
[BlackElo "1172"]
[BlackCountry "POL"]
[BlackFideId "21819408"]
[BlackEloChange "-2"]

1. e4 {[%clk 1:30:54]} c5 {[%clk 1:30:50]} 2. Nf3 {[%clk 1:31:14]} Nc6 {[%clk
1:30:53]} 3. d4 {[%clk 1:31:30]} cxd4 {[%clk 1:31:16]} 4. Nxd4 {[%clk 1:31:55]}
g6 {[%clk 1:31:35]} 5. c4 {[%clk 1:31:53]} Nf6 {[%clk 1:31:52]} 6. Nc3 {[%clk
1:31:39]} Nxd4 {[%clk 1:32:07]} 7. Qxd4 {[%clk 1:31:41]} Bg7 {[%clk 1:32:14]} 8.
Be3 {[%clk 1:31:04]} O-O {[%clk 1:32:19]} 9. f3 {[%clk 1:29:38]} Ng4 {[%clk
1:30:20]} 10. Qd2 {[%clk 1:29:03]} Nxe3 {[%clk 1:30:23]} 11. Qxe3 {[%clk
1:29:22]} Qa5 {[%clk 1:29:46]} 12. Be2 {[%clk 1:23:55]} e6 {[%clk 1:29:32]} 13.
O-O {[%clk 1:23:51]} d5 {[%clk 1:28:57]} 14. cxd5 {[%clk 1:15:56]} Qb4 {[%clk
1:26:44]} 15. Qc1 {[%clk 1:14:55]} exd5 {[%clk 1:22:03]} 16. exd5 {[%clk
1:03:46]} Qc5+ {[%clk 1:21:42]} 17. Kh1 {[%clk 1:03:55]} Bxc3 {[%clk 1:21:57]}
18. Qxc3 {[%clk 1:04:01]} Qxd5 {[%clk 1:22:18]} 19. b3 {[%clk 1:03:26]} Be6
{[%clk 1:22:02]} 20. Bc4 {[%clk 1:02:19]} Qc6 {[%clk 1:22:11]} 21. Rac1 {[%clk
1:02:00]} Rac8 {[%clk 1:21:51]} 22. Qe3 {[%clk 0:56:23]} Bxc4 {[%clk 1:20:49]}
23. Rxc4 {[%clk 0:56:19]} Qa6 {[%clk 1:21:07]} 24. Ra1 {[%clk 0:54:14]} Rxc4
{[%clk 1:20:31]} 25. bxc4 {[%clk 0:54:32]} Rc8 {[%clk 1:19:42]} 26. h3 {[%clk
0:50:42]} Rxc4 {[%clk 1:16:35]} 27. Rd1 {[%clk 0:48:22]} Rc8 {[%clk 1:14:28]} 28.
Qb3 {[%clk 0:43:06]} Qc6 {[%clk 1:13:41]} 29. Qb2 {[%clk 0:37:49]} b6 {[%clk
1:07:06]} 30. Kg1 {[%clk 0:36:33]} Qc5+ {[%clk 1:06:33]} 31. Kf1 {[%clk 0:36:31]}
Qc4+ {[%clk 1:05:44]} 32. Kg1 {[%clk 0:36:55]} Qc5+ {[%clk 1:05:50]} 33. Kf1
{[%clk 0:37:03]} Qc4+ {[%clk 1:03:44]} 34. Kg1 {[%clk 0:37:19]} 1/2-1/2